Education, old and new. (Record no. 57263)

MARC details
000 -LEADER
fixed length control field 00542cam a22002171 4500
001 - CONTROL NUMBER
control field sa 64002261
003 - CONTROL NUMBER IDENTIFIER
control field DLC
005 - DATE AND TIME OF LATEST TRANSACTION
control field 20260227112009.0
008 - FIXED-LENGTH DATA ELEMENTS--GENERAL INFORMATION
fixed length control field 870831s1955 bg 000 0 eng
010 ## - LIBRARY OF CONGRESS CONTROL NUMBER
LC control number sa 64002261
025 ## - OVERSEAS ACQUISITION NUMBER
Overseas acquisition number PL480:EP-E-125
035 ## - SYSTEM CONTROL NUMBER
System control number (OCoLC)16618759
040 ## - CATALOGING SOURCE
Original cataloging agency DLC
Transcribing agency WaU
Modifying agency DLC
042 ## - AUTHENTICATION CODE
Authentication code premarc
050 00 - LIBRARY OF CONGRESS CALL NUMBER
Classification number LB880
Item number .H36
100 1# - MAIN ENTRY--PERSONAL NAME
Personal name Haye, Kh. A.
245 10 - TITLE STATEMENT
Title Education, old and new.
260 ## - PUBLICATION, DISTRIBUTION, ETC.
Place of publication, distribution, etc. Chittagong,
Name of publisher, distributor, etc. Shikshak Samabay Library
Date of publication, distribution, etc. [1955?]
300 ## - PHYSICAL DESCRIPTION
Extent 119 p.
Dimensions 21 cm.
650 #0 - SUBJECT ADDED ENTRY--TOPICAL TERM
Topical term or geographic name entry element Education.

No items available.

Powered by Koha